000 00432cam a22001814a 4500
005 20250605164245.0
008 250528s ||||||||||||||||||||||||d
035 _a21477
040 _aGR-AtMCL
_bgre
_dGR-AtMCL
_eAACR2
245 1 _aΣΤΑΤΙΣΤΙΚΗ
250 _a1
260 _bInterbooks,
_c1993
300 _a755
700 1 _aΚιόχος Πετρος Α
_95752
942 _cBK
999 _c6539
_d6539